000 00439cam a22001337a 4500
008 180718b2006 xxu||||| |||| 00| 0 eng d
100 _aSwift, Zhicheng Li
245 _aManaging the effects of tax expenditures on the national budget
_cby Zhicheng Li Swift
260 _aWashington, D.C.
_bWorld Bank
_c2006
300 _a31p.
440 _aPolicy research working paper; no. 3927
650 _aNational budget
650 _aTax expenditures
999 _c294081
_d294081